Leichte Mathematik - Whammies - Statistiken

Allgemein
  • Dieses Quiz wurde 216 mal gespielt
  • Das Durchschnittsergebnis liegt bei 11 aus 20
Antwortstatistiken
Aufgabe Ergebnis % Korrekt
6-6 0
100%
1+1 2
100%
18/9 2
100%
20/10 2
100%
2+1 3
100%
8-5 3
100%
1+3 4
100%
2×2 4
100%
1+4 5
100%
6-1 5
100%
15-10 5
100%
50/10 5
100%
16-10 6
100%
6×1 6
100%
12/2 6
100%
7×1 7
100%
4+1+2 7
100%
5+3 8
100%
6+2 8
100%
16-8 8
100%
8/1 8
100%
4+5 9
100%
13-6 7
89%
7/7 1
88%
10/2 5
88%
4-3 1
86%
48/6 8
86%
12/6 2
83%
7-4 3
83%
40/10 4
83%
3×2 6
83%
12/2 6
83%
10-3 7
83%
14/2 7
83%
1+7 8
83%
6+2+1 9
83%
9-8 1
80%
8-6 2
80%
11-4 7
80%
4+3+1 8
80%
5+4 9
80%
13-4 9
80%
3+2 5
78%
5-5 0
75%
13-10 3
75%
3×1 3
75%
1+1+1 3
75%
9-5 4
75%
10-6 4
75%
8-3 5
75%
15/3 5
75%
1+1+3 5
75%
1+3+1 5
75%
5+1 6
75%
1+4+1 6
75%
1+6 7
75%
56/8 7
75%
70/10 7
75%
5+1+1 7
75%
2+5+1 8
75%
27/3 9
75%
90/10 9
75%
1+7+1 9
75%
2+2+3 7
73%
8-7 1
71%
10-7 3
71%
1×3 3
71%
12-8 4
71%
14-9 5
71%
60/10 6
71%
3+4 7
71%
12-5 7
71%
9/1 9
71%
4+4+1 9
71%
9-7 2
70%
16-9 7
70%
1+4+4 9
70%
6/6 1
67%
5-3 2
67%
4-1 3
67%
9/3 3
67%
12/4 3
67%
18/6 3
67%
21/7 3
67%
2+2 4
67%
13-9 4
67%
20/5 4
67%
24/6 4
67%
32/8 4
67%
9-4 5
67%
25/5 5
67%
45/9 5
67%
2+1+2 5
67%
2+2+1 5
67%
3+1+1 5
67%
10-4 6
67%
13-7 6
67%
1×6 6
67%
30/5 6
67%
36/6 6
67%
4+3 7
67%
5+2 7
67%
15-8 7
67%
1×7 7
67%
49/7 7
67%
1+4+2 7
67%
3+3+1 7
67%
7+1 8
67%
13-5 8
67%
18-10 8
67%
2+2+4 8
67%
2+7 9
67%
6+3 9
67%
7+2 9
67%
12-3 9
67%
17-8 9
67%
9×1 9
67%
2+5+2 9
67%
5+1+3 9
67%
5+3+1 9
67%
7+1+1 9
67%
4-4 0
63%
8/8 1
63%
36/9 4
63%
15-7 8
63%
16-7 9
63%
4×1 4
62%
1+3+2 6
62%
72/8 9
62%
10-10 0
60%
3-2 1
60%
1×1 1
60%
9-6 3
60%
15/5 3
60%
8/2 4
60%
16/4 4
60%
12-7 5
60%
40/8 5
60%
48/8 6
60%
4+4 8
60%
11-3 8
60%
2×4 8
60%
4×2 8
60%
64/8 8
60%
1+3+4 8
60%
1+6+1 8
60%
3+1+4 8
60%
3+3+2 8
60%
4+1+3 8
60%
5+2+1 8
60%
8+1 9
60%
81/9 9
60%
1+5+3 9
60%
2+4+3 9
60%
2+6+1 9
60%
1+5 6
58%
45/5 9
58%
11-9 2
57%
6-3 3
57%
12-9 3
57%
3+1 4
57%
11-6 5
57%
1×5 5
57%
2+1+3 6
57%
4+1+1 6
57%
32/4 8
57%
2+3+3 8
57%
10-1 9
57%
1+6+2 9
57%
4+2+3 9
57%
4/4 1
56%
1×4 4
56%
3+3 6
56%
2+1+4 7
56%
9-1 8
56%
1+2+5 8
56%
4+1+4 9
56%
7-1 6
55%
35/5 7
55%
19-10 9
55%
9-9 0
50%
2-1 1
50%
6-5 1
50%
10/10 1
50%
6-4 2
50%
1×2 2
50%
16/8 2
50%
24/8 3
50%
30/10 3
50%
6-2 4
50%
12/3 4
50%
1+1+2 4
50%
4+1 5
50%
7-2 5
50%
5×1 5
50%
20/4 5
50%
30/6 5
50%
8-2 6
50%
42/7 6
50%
2+2+2 6
50%
3+1+2 6
50%
14-7 7
50%
21/3 7
50%
42/6 7
50%
40/5 8
50%
80/10 8
50%
1+5+2 8
50%
3+2+3 8
50%
3+4+1 8
50%
4+2+2 8
50%
3×3 9
50%
1+2+6 9
50%
1+3+5 9
50%
2+1+6 9
50%
2+2+5 9
50%
4+3+2 9
50%
6+1+2 9
50%
1-1 0
44%
2-2 0
44%
8-8 0
44%
2×1 2
44%
1+2 3
44%
28/7 4
44%
12-6 6
44%
2+3+1 6
44%
72/9 8
44%
3+3+3 9
44%
4-2 2
43%
10-8 2
43%
3/1 3
43%
2+1+1 4
43%
1+2+2 5
43%
9-3 6
43%
1+2+3 6
43%
3+2+1 6
43%
2+5 7
43%
1+2+4 7
43%
15-6 9
43%
18-9 9
43%
1+1+7 9
43%
5-4 1
40%
7-6 1
40%
5-2 3
40%
11-8 3
40%
5-1 4
40%
10-5 5
40%
13-8 5
40%
6+1 7
40%
8-1 7
40%
28/4 7
40%
2+6 8
40%
12-4 8
40%
56/7 8
40%
2+4+2 8
40%
11-2 9
40%
1×9 9
40%
18/2 9
40%
2/1 2
38%
6/3 2
38%
27/9 3
38%
6/1 6
38%
24/4 6
38%
1+5+1 7
38%
4+2+1 7
38%
24/3 8
38%
1+1+6 8
38%
3-3 0
33%
3-1 2
33%
7-5 2
33%
12-10 2
33%
8/4 2
33%
10/5 2
33%
14/7 2
33%
6/2 3
33%
8-4 4
33%
14-10 4
33%
4/1 4
33%
11-5 6
33%
2×3 6
33%
18/3 6
33%
9-2 7
33%
17-10 7
33%
1+1+5 7
33%
2+3+2 7
33%
3+1+3 7
33%
14-6 8
33%
17-9 8
33%
1×8 8
33%
2+1+5 8
33%
6+1+1 8
33%
1+8 9
33%
3+6 9
33%
14-5 9
33%
63/7 9
33%
2+3+4 9
33%
5+2+2 9
33%
11-7 4
30%
14-8 6
30%
7-7 0
29%
4/2 2
29%
1+2+1 4
29%
1+1+4 6
29%
7/1 7
29%
8×1 8
29%
3+1+5 9
29%
11-10 1
25%
35/7 5
25%
2+4 6
25%
15-9 6
25%
3+2+2 7
25%
3+5 8
25%
5+1+2 8
25%
3+2+4 9
25%
3+5+1 9
25%
3/3 1
20%
5/5 1
20%
9/9 1
20%
2+3 5
20%
4+2 6
20%
10-2 8
20%
5/1 5
17%
2+4+1 7
17%
36/4 9
17%
54/9 6
14%
2/2 1
13%
10-9 1
0%
1/1 1
0%
7-3 4
0%
63/9 7
0%
1+3+3 7
0%
16/2 8
0%
1+4+3 8
0%
54/6 9
0%
3+4+2 9
0%
Keine übereinstimmenden Quizze gefunden
Verteilung der Resultate
Anzahl Personen mit jedem Resultat
Perzentil nach korrekt beantworteten Fragen
Ihre Resultats-Entwicklung
Sie haben dieses Quiz noch nicht gespielt